00795nam a2200217 a 450000500170000000800410001704000270005804100080008508200160009311001400010924501220024926000250037130000300039665000270042665000220045365000110047565000130048665000200049965000280051965000300054720191224041701.0140310b1997 ne a gr|||| 00| 0 eng d aCO-BoIAVH cCO-BoIAVH  aeng a664.3bC39a2 aCentre for the Promotion of Imports from Developing Countries (CBI)bCentre for the Promotion of Imports from Developing Countries, CBI1 aAnimal and vegetable oils and fatsba compact survey of The Netherlands and other major markets in the European Union aRotterdambCBIc1997 a151 paginas.c21 x 15 cm. 4aComercio internacional 4aAceites vegetales 4aGrasas 4aMercadeo 4aUnión Europea 4aLegislación ambiental 4aCertificación ambiental